Classement Critérium du Dauphiné 2025 - Statistiques

Statistiques générales
  • Ce quiz a été pris 34 fois
  • Le résultat moyen est 12 sur 20
Statistiques - réponses
Classement Equipe Coureur % Correct
2 Visma Lease a Bike 🇩🇰 Jonas Vingegaard
100%
1 UAE Team Emirates 🇸🇮 Tadej Pogacar
100%
4 Soudal - Quick Step 🇧🇪 Remco Evenepoel
90%
7 Movistar 🇪🇸 Enric Mas
87%
10 Groupama FDJ 🇫🇷 Guillaume Martin
83%
3 Bora Hansgrohe 🇩🇪 Florian Lipowitz
80%
6 Visma Lease a Bike 🇺🇸 Matteo Jorgenson
80%
8 Decathlon AG2R La Mondiale 🇫🇷 Paul Seixas
80%
9 Ineos Grenadiers 🇪🇸 Carlos Rodriguez
77%
13 Visma Lease a Bike 🇺🇸 Sepp Kuss
70%
5 Uno-X Mobility 🇳🇴 Tobias Halland Johanessen
60%
17 Israel - Premier Tech 🇰🇿 Alexey Lutsenko
50%
11 Cofidis 🇩🇪 Emanuel Buchmann
50%
18 Intermarché - Wanty 🇿🇦 Louis Meintjes
47%
14 TotalEnergies 🇫🇷 Jordan Jegat
43%
12 Visma Lease a Bike 🇬🇧 Ben Tulett
37%
19 Team Jayco Alula 🇮🇪 Edward Dunbar
33%
16 Movistar 🇦🇹 Gregor Mühlberger
33%
15 Tudor Pro Cycling Teal 🇫🇷 Mathys Rondel
27%
20 EF Education - Easypost 🇨🇴 Jhoan Esteban Chaves
20%
Aucun quiz correspondant
Distribution des résultats
% des personnes avec chaque résultat
Percentile par nombre de réponses
Votre historique - résultats
Vous n’avez pas pris ce quiz